00581cam a2200205 a 450000100100000000500170001000800410002702000150006804000290008308200240011210000260013624500470016225000110020926000330022030000200025349000260027365000240029965000260032383000260034900001003020200929161817.0950829s1995 sp 000 0 spa  a8478391495 aDO-SdBNPbspacLCdBNPHU a861.64bR696d, 19951 aRodríguez, Claudio.10aDon de la ebriedad /cClaudio Rodríguez. a2a ed. aMadrid :bTorremozas,c1995. a61 p. ;c21 cm.1 aEl Vaso de Berceo,v3 4aPoesía española 4aLiteratura española 0aEl Vaso de Berceo,v3